书目信息 |
| 题名: |
欢笑的金沙江
|
|
| 作者: | 李乔 原著 ;中国教育学会 编 | |
| 分册: | ||
| 出版信息: | 北京 北京燕山出版社 2005.05 |
|
| 页数: | 220页 | |
| 开本: | 19cm | |
| 丛书名: | 中华爱国主义文学名著文库 | |
| 单 册: | ||
| 中图分类: | I257.5 | |
| 科图分类: | ||
| 主题词: | 长篇小说--chang pian xiao shuo--缩写本--中国--当代 | |
| 电子资源: | ||
| ISBN: | 7-5402-0346-3 | |
| 000 | 01094nam 2200265 450 | |
| 001 | 010276217651 | |
| 005 | 20081229151312.78 | |
| 010 | @a7-5402-0346-3@dCNY19.80 | |
| 100 | @a20050406d2005 km y0chiy0120 ea | |
| 101 | 0 | @achi |
| 102 | @aCN@b110000 | |
| 105 | @ay z 000ay | |
| 200 | 1 | @a欢笑的金沙江@Ahuan xiao de jin sha jiang@f李乔原著@Fli qiao yuan zhu@g中国教育学会编@Gzhong guo jiao yu xue hui bian |
| 205 | @a修订版 | |
| 210 | @a北京@c北京燕山出版社@d2005.05 | |
| 215 | @a220页@d19cm | |
| 225 | 2 | @a中华爱国主义文学名著文库@Azhong hua ai guo zhu yi wen xue ming zhu wen ku@v第1辑 |
| 330 | @a本丛书共汇集了爱国主义的文学名著几十部。这些文学名著以中国近、现代史为背景,特别是以抗日战争为题材,热情讴歌了在中国共产党领导下,中国人民反抗外来侵略者,前赴后继,可歌可泣的爱国主义者的英雄形象。 | |
| 410 | 0 | @12001 @a中华爱国主义文学名著文库 |
| 606 | 0 | @a长篇小说@Achang pian xiao shuo@x缩写本@y中国@z当代 |
| 690 | @aI257.5@v4 | |
| 701 | 0 | @a李乔@Ali qiao@4原著 |
| 712 | 02 | @a中国教育学会@Azhong guo jiao yu xue hui@4编 |
| 801 | 0 | @aCN@bRULIN@c20081229 |
| 905 | @aZUCC@dI257.5@eL236 | |
| 欢笑的金沙江/李乔原著/中国教育学会编.-修订版.-北京:北京燕山出版社,2005.05 |
| 220页;19cm.-(中华爱国主义文学名著文库;第1辑) |
| ISBN 7-5402-0346-3:CNY19.80 |
| 本丛书共汇集了爱国主义的文学名著几十部。这些文学名著以中国近、现代史为背景,特别是以抗日战争为题材,热情讴歌了在中国共产党领导下,中国人民反抗外来侵略者,前赴后继,可歌可泣的爱国主义者的英雄形象。 |
| ● |
| 相关链接 |
|
|
|
正题名:欢笑的金沙江
索取号:I257.5/L236
 
预约/预借
| 序号 | 登录号 | 条形码 | 馆藏地/架位号 | 状态 | 备注 |
| 1 | 717979 | 207179792 | 文学库108/108文学库 31排4列5层/ [索取号:I257.5/L236] | 在馆 |